000 01574nam a2200313 a 4500
001 BRCA_2688
005 20190320203926.0
008 021208s1886----fr-a---###---#000-0dspa-u
041 _aspa
044 _asp
084 _a205
_b.G376
_c1886
100 1 _aCervantes Saavedra, Miguel de
_d1547-1616
_9213
245 1 0 _aEl Ingenioso Hidalgo Don Quijote de la Mancha
_ccompuesto por Miguel de Cervantes Saavedra.
260 _aParis
_bGarnier hermanos
_c1886
300 _a776 p.
_bil.
_c18 cm.
500 _aContenido : Primera parte. Vida de Cervantes, extraida de la escrita por Aribau. Dedicatoria del autor. Prólogo del autor. Versos preliminares. Texto. Segunda parte. Dedicatorias del autor. Prólogo del autor. Texto
500 _aEdición conforme a la última corregida por la Academia Española, con la vida del autor y notas para la buena inteligencia del texto
500 _aEdición conforme á la última corregida por la Academia Española con la vida del autor y notas ... Lúdovik Osterc
500 _aEstado físico : En esta edición el lomo se encuentra desprendido, y la encuadernación dividida en tres partes
500 _aQM199
650 1 4 _aNovela española
_yÉpoca clásica, 1500-1700
_9215
650 1 4 _aLiteratura española
_yÉpoca clásica, 1500-1700
_9216
650 1 4 _aNovela española
_ySiglo XVII
_9217
650 1 4 _aDon Quijote (Personaje ficticio)
_eNovela
_9218
700 1 _aBuenaventura, Carlos Aribau
_d1798-1862
_eBiógrafo
_97617
740 0 _aEl Ingenioso Hidalgo Don Quijote de la Mancha
902 _aQFM
942 _2lcc
_cB
999 _c2428
_d2428